[Event "SRB-chT2 West"]
[Site "Arandjelovac"]
[Date "2018.10.07"]
[Round "11.4"]
[White "Misojcic, Miroslav"]
[Black "Milovanovic, Nenad"]
[Result "1-0"]
[WhiteElo "2244"]
[BlackElo "2147"]
[PlyCount "105"]
[EventDate "2018.09.07"]
[EventType "team-tourn"]
[EventRounds "11"]
[EventCountry "SRB"]
[SourceTitle "EXT 2021"]
[Source "ChessBase"]
[SourceDate "2020.10.23"]
[SourceVersion "1"]
[SourceVersionDate "2020.10.23"]
[SourceQuality "1"]
[WhiteTeam "Uzice Sloboda"]
[BlackTeam "Loznica Grad"]
[WhiteTeamCountry "SRB"]
[BlackTeamCountry "SRB"]

1. d4 Nf6 2. c4 d6 3. Nf3 Nbd7 4. Nc3 e5 5. e4 Be7 6. Be2 0-0 7. 0-0 Re8 8. Re1 c6 9. Bf1 h6 10. h3 Nh7 11. d5 c5 12. Be3 Ng5 13. Nd2 Nf8 14. a3 Ngh7 15. b4 b6 16. Nb3 Bg5 17. Qd2 Bxe3 18. Qxe3 Re7 19. Rab1 Nf6 20. Rb2 Ne8 21. Reb1 Nd7 22. Na4 Kf8 23. Qd2 Qc7 24. bxc5 Nxc5 25. Naxc5 dxc5 26. a4 Nd6 27. Qe3 a5 28. Nd2 Ra6 29. f4 f6 30. f5 Bd7 31. Ra1 Re8 32. g4 Ke7 33. h4 Nf7 34. Nf3 Rh8 35. Raa2 Raa8 36. Rh2 Rh7 37. g5 hxg5 38. hxg5 Rxh2 39. Rxh2 Rg8 40. Qb3 Qb8 41. Rb2 Nd6 42. Bd3 Nc8 43. Rg2 Kf7 44. Nh2 Nd6 45. Ng4 Rh8 46. Qb2 Qd8 47. g6+ Kf8 48. Rh2 Rxh2 49. Qxh2 Ne8 50. Qh8+ Ke7 51. Nxf6 gxf6 52. g7 Nxg7 53. d6+ 1-0

[Event "SRB-chT2 West"]
[Site "Arandjelovac"]
[Date "2018.10.06"]
[Round "9.3"]
[White "Brajovic, Miroljub"]
[Black "Milovanovic, Nenad"]
[Result "1/2-1/2"]
[WhiteElo "2111"]
[BlackElo "2147"]
[PlyCount "20"]
[EventDate "2018.09.07"]
[EventType "team-tourn"]
[EventRounds "11"]
[EventCountry "SRB"]
[SourceTitle "EXT 2021"]
[Source "ChessBase"]
[SourceDate "2020.10.23"]
[SourceVersion "1"]
[SourceVersionDate "2020.10.23"]
[SourceQuality "1"]
[WhiteTeam "Prijepolje Priko"]
[BlackTeam "Loznica Grad"]
[WhiteTeamCountry "SRB"]
[BlackTeamCountry "SRB"]

1. e4 c5 2. Nf3 d6 3. d4 cxd4 4. Nxd4 Nf6 5. Nc3 g6 6. Be3 Bg7 7. f3 0-0 8. Qd2 Nc6 9. Bc4 Bd7 10. h4 Rc8 1/2-1/2

[Event "SRB-chT2 West"]
[Site "Arandjelovac"]
[Date "2018.09.08"]
[Round "2.2"]
[White "Strakos, Dalibor"]
[Black "Milovanovic, Nenad"]
[Result "1/2-1/2"]
[WhiteElo "2193"]
[BlackElo "2147"]
[PlyCount "92"]
[EventDate "2018.09.07"]
[EventType "team-tourn"]
[EventRounds "11"]
[EventCountry "SRB"]
[SourceTitle "EXT 2021"]
[Source "ChessBase"]
[SourceDate "2020.10.23"]
[SourceVersion "1"]
[SourceVersionDate "2020.10.23"]
[SourceQuality "1"]
[WhiteTeam "Smederevo"]
[BlackTeam "Loznica Grad"]
[WhiteTeamCountry "SRB"]
[BlackTeamCountry "SRB"]

1. d4 d6 2. Nf3 Nf6 3. Bg5 Nbd7 4. e3 g6 5. Bc4 Bg7 6. 0-0 0-0 7. c3 c6 8. Nbd2 Nb6 9. Bb3 Bg4 10. Re1 d5 11. h3 Bf5 12. Rc1 a5 13. a3 Nc8 14. c4 dxc4 15. Nxc4 Ne4 16. Bf4 Be6 17. Ncd2 Nxd2 18. Nxd2 Bxb3 19. Qxb3 Qb6 20. Qa2 Nd6 21. Nb3 Rfe8 22. Nc5 Rad8 23. Nd3 Ne4 24. Rc2 Qb5 25. Nc5 Nxc5 26. Rxc5 Qb6 27. b4 axb4 28. axb4 e6 29. Qa5 Qxa5 30. bxa5 Bf8 31. Rc2 Bd6 32. Bxd6 Rxd6 33. Rb1 Rd7 34. Rcb2 Ra8 35. Rxb7 Rxb7 36. Rxb7 Rxa5 37. Rc7 Ra1+ 38. Kh2 Rc1 39. g4 g5 40. Kg3 Rc3 41. h4 h6 42. hxg5 hxg5 43. Kf3 Rc2 44. e4 Rc4 45. Ke3 Kg7 46. Kd3 Rc1 1/2-1/2

[Event "SRB-chT2 West CS"]
[Site "Serbia"]
[Date "2016.10.06"]
[Round "6.5"]
[White "Jovanovic, Obrad"]
[Black "Milovanovic, Nenad"]
[Result "0-1"]
[WhiteElo "2088"]
[BlackElo "2149"]
[PlyCount "66"]
[EventDate "2016.09.04"]
[EventType "team-tourn"]
[EventRounds "11"]
[EventCountry "SRB"]
[SourceTitle "EXT 2018"]
[Source "ChessBase"]
[SourceDate "2017.10.13"]
[SourceVersion "1"]
[SourceVersionDate "2017.10.13"]
[SourceQuality "1"]

1. Nf3 d5 2. d3 Nf6 3. Nbd2 Bf5 4. g3 Qc8 5. Bg2 Bh3 6. 0-0 h5 7. Bxh3 Qxh3 8. Ng5 Qd7 9. h4 Nc6 10. e4 e6 11. Re1 dxe4 12. Ndxe4 0-0-0 13. Qe2 Nd4 14. Qd1 Ng4 15. f3 Ne5 16. c3 Nf5 17. d4 Ng6 18. Qe2 f6 19. Nh3 e5 20. Kg2 exd4 21. cxd4 Nxd4 22. Qc4 Nxf3 23. Re2 Nge5 24. Qb3 Nd4 25. Qe3 Nxe2 26. Qxe2 Qd1 27. Qf2 Qd5 28. Qf5+ Qd7 29. Qf2 Qc6 30. Qf5+ Kb8 31. Nhf2 Bc5 32. Bf4 Bxf2 33. Bxe5 fxe5 0-1

[Event "SRB-chT2 West"]
[Site "Kragujevac"]
[Date "2015.10.08"]
[Round "6.4"]
[White "Drcelic, Sreten"]
[Black "Milovanovic, Nenad"]
[Result "1/2-1/2"]
[WhiteElo "2254"]
[BlackElo "2143"]
[PlyCount "38"]
[EventDate "2015.09.04"]
[EventType "team-tourn"]
[EventRounds "11"]
[EventCountry "SRB"]
[SourceTitle "EXT 2022"]
[Source "ChessBase"]
[SourceDate "2021.10.06"]
[SourceVersion "1"]
[SourceVersionDate "2021.10.06"]
[SourceQuality "1"]

1. Nf3 Nf6 2. d3 d6 3. e4 e5 4. c3 Be7 5. Qc2 0-0 6. Nbd2 Nbd7 7. Nc4 c6 8. a4 Qc7 9. Ne3 Re8 10. g3 d5 11. Bg2 Nc5 12. Nd2 dxe4 13. dxe4 a5 14. Nb3 Be6 15. Nxc5 Bxc5 16. 0-0 Qb6 17. Qe2 Qb3 18. Re1 Rad8 19. h3 Rd6 1/2-1/2

[Event "SRB-chT2 West"]
[Site "Sabac"]
[Date "2014.09.27"]
[Round "5.5"]
[White "Milovanovic, Nenad"]
[Black "Mirkovic, Stevan"]
[Result "1/2-1/2"]
[WhiteElo "2160"]
[BlackElo "2297"]
[PlyCount "79"]
[EventDate "2014.09.25"]
[EventType "team-swiss"]
[EventRounds "6"]
[EventCountry "SRB"]
[SourceTitle "EXT 2015"]
[Source "ChessBase"]
[SourceDate "2014.11.20"]
[SourceVersion "1"]
[SourceVersionDate "2014.11.20"]
[SourceQuality "1"]

1. e4 c6 2. d4 d5 3. Nc3 dxe4 4. Nxe4 Nd7 5. Bc4 Ngf6 6. Ng5 e6 7. Qe2 Nb6 8. Bb3 h6 9. N5f3 a5 10. a4 Be7 11. c3 0-0 12. Ne5 c5 13. Ngf3 Nbd5 14. 0-0 Qc7 15. Re1 b6 16. h3 Ba6 17. Bc4 Bxc4 18. Nxc4 Rad8 19. Na3 Qb7 20. Nb5 Nc7 21. Bf4 Nxb5 22. Qxb5 Rc8 23. Be5 Rfd8 24. Qe2 Nd5 25. Red1 c4 26. Ra2 b5 27. axb5 Qxb5 28. Rda1 Ra8 29. Qc2 Rd7 30. Qa4 Rb7 31. Qxb5 Rxb5 32. Nd2 Rc8 33. Rxa5 Rxb2 34. Ra8 Rxa8 35. Rxa8+ Kh7 36. Nxc4 Rb1+ 37. Kh2 f6 38. Bg3 Nxc3 39. Ra6 Rb4 40. Rxe6 1/2-1/2

[Event "SRB-chT2 West"]
[Site "Sabac"]
[Date "2014.09.26"]
[Round "2.5"]
[White "Dumic, Marko"]
[Black "Milovanovic, Nenad"]
[Result "1-0"]
[WhiteElo "2262"]
[BlackElo "2160"]
[PlyCount "45"]
[EventDate "2014.09.25"]
[EventType "team-swiss"]
[EventRounds "6"]
[EventCountry "SRB"]
[SourceTitle "EXT 2015"]
[Source "ChessBase"]
[SourceDate "2014.11.20"]
[SourceVersion "1"]
[SourceVersionDate "2014.11.20"]
[SourceQuality "1"]

1. d4 Nf6 2. c4 d6 3. Nc3 Nbd7 4. f4 e5 5. e3 exf4 6. exf4 d5 7. Nf3 c6 8. cxd5 Nxd5 9. Nxd5 cxd5 10. Bd3 Bd6 11. 0-0 0-0 12. f5 Qb6 13. b3 Ne5 14. Bc2 Bd7 15. Kh1 Ng4 16. Qe1 Rac8 17. Bd3 Bb5 18. Bxb5 Qxb5 19. Bg5 Rfe8 20. Qh4 Ne3 21. Bxe3 Rxe3 22. f6 g6 23. Qh6 1-0

[Event "SRB-CupT Central"]
[Site "Serbia"]
[Date "2013.04.26"]
[Round "5.9"]
[White "Jocovic, Slobodan"]
[Black "Milovanovic, Nenad"]
[Result "0-1"]
[WhiteElo "2063"]
[BlackElo "2200"]
[PlyCount "80"]
[EventDate "2013.03.24"]
[EventType "team-tourn"]
[EventRounds "8"]
[EventCountry "SRB"]
[SourceTitle "EXT 2018"]
[Source "ChessBase"]
[SourceDate "2017.10.13"]
[SourceVersion "1"]
[SourceVersionDate "2017.10.13"]
[SourceQuality "1"]

1. d4 Nf6 2. Bg5 Ne4 3. Bf4 d6 4. f3 Nf6 5. e4 Nbd7 6. Ne2 c6 7. c3 e5 8. Bg5 Be7 9. Ng3 Nb6 10. Bd3 Qc7 11. 0-0 Be6 12. Nd2 h6 13. Be3 g5 14. c4 c5 15. d5 Bc8 16. Be2 Rg8 17. a3 h5 18. b4 h4 19. Nf5 Bxf5 20. exf5 Nbd7 21. Qa4 Kf8 22. Qb3 b6 23. Ne4 Nxe4 24. fxe4 Kg7 25. f6+ Bxf6 26. Rf5 Kg6 27. Raf1 Rg7 28. Bg4 Be7 29. Bxg5 Bxg5 30. Rxg5+ Kxg5 31. Qe3+ Kg6 32. Bf5+ Kh5 33. Qf3+ Kh6 34. Qh3 Nf6 35. Qxh4+ Nh5 36. g4 Rg5 37. Kh1 Qd8 38. Qh3 Qe7 39. Qe3 Nf4 40. Rxf4 exf4 0-1

[Event "SRB-chT3 Liga Nord CS"]
[Site "Serbia"]
[Date "2011.09.11"]
[Round "1.25"]
[White "Simic, Dragan"]
[Black "Milovanovic, Nenad"]
[Result "1/2-1/2"]
[WhiteElo "2051"]
[BlackElo "2226"]
[PlyCount "41"]
[EventDate "2011.09.11"]
[EventType "team"]
[EventRounds "11"]
[EventCountry "SRB"]
[SourceTitle "EXT 2015"]
[Source "ChessBase"]
[SourceDate "2014.11.20"]
[SourceVersion "1"]
[SourceVersionDate "2014.11.20"]
[SourceQuality "1"]

1. e4 c5 2. Nf3 d6 3. d4 cxd4 4. Qxd4 Nc6 5. Bb5 Bd7 6. Bxc6 bxc6 7. c4 c5 8. Qd3 Bc6 9. Nc3 e5 10. 0-0 Be7 11. Be3 Nf6 12. h3 0-0 13. Rad1 Qb8 14. Qc2 Qb7 15. Nd2 Nh5 16. g4 Nf4 17. Bxf4 exf4 18. Nd5 Bxd5 19. exd5 Bf6 20. b3 Rae8 21. Rfe1 1/2-1/2

[Event "YUG-chT"]
[Site "Nis"]
[Date "1995.??.??"]
[Round "?"]
[White "Milovanovic, Nenad"]
[Black "Vlahovic, Bogdan"]
[Result "1-0"]
[WhiteElo "2220"]
[BlackElo "2315"]
[PlyCount "97"]
[EventDate "1995.??.??"]
[EventType "team-swiss"]
[EventRounds "11"]
[EventCountry "YUG"]
[SourceTitle "EXT 2000"]
[Source "ChessBase"]
[SourceDate "1999.11.16"]
[SourceVersion "1"]
[SourceVersionDate "1999.11.16"]
[SourceQuality "1"]

1. e4 d6 2. d4 Nf6 3. Nc3 g6 4. Nf3 Bg7 5. h3 c6 6. Be3 0-0 7. a4 a5 8. Be2 Na6 9. 0-0 Qc7 10. Nd2 e5 11. dxe5 dxe5 12. Nc4 Nd7 13. Qd6 Qxd6 14. Nxd6 Nc7 15. Bc4 Nf6 16. Rfd1 Be6 17. Bb6 Nfe8 18. Bxe6 Nxe6 19. Nc4 Nf6 20. b3 Nd4 21. Ra2 Nd7 22. Bxa5 b5 23. axb5 cxb5 24. Nxb5 Nxb5 25. Rxd7 Nc3 26. Ra1 Nxe4 27. Rad1 Bf6 28. Re1 Nc5 29. Rd5 Ne6 30. Nxe5 Nf4 31. Rb5 Rfe8 32. Nf3 Ne2+ 33. Kf1 Nc3 34. Rxe8+ Rxe8 35. Bxc3 Bxc3 36. Rc5 Bb4 37. Rc4 Rb8 38. c3 Bf8 39. b4 Ra8 40. Nd4 Ra2 41. Rc8 Kg7 42. b5 Rb2 43. c4 Bb4 44. b6 Ba5 45. c5 Bxb6 46. cxb6 Rxb6 47. Ke2 Rd6 48. Ke3 Rf6 49. Rc6 1-0